Statistics for Korean Vocabulary

Click here to take the quiz!

General Stats

  • This quiz has been taken 109 times
  • The average score is 13 of 24

Answer Stats

HintAnswer% Correct
한국어Korean
92%
노래Song
88%
일본어Japanese
77%
중국어Chinese
74%
영어English
74%
공부해요Study
74%
먹어요Eat
71%
읽어요Read
69%
봐요See/watch
69%
마셔요Drink
66%
만나요Meet
62%
음악Music
62%
춤춰요Dance
60%
독일어German
57%
들어요Listen
52%
수학Mathematics
49%
경제학Economics
34%
지리학Geography
32%
과학Science
32%
회계학Accounting
29%
법학Law
29%
물리학Physics
29%
불아French
27%
금융학Finance
22%

Score Distribution

Percentile by Number Answered

Percent of People with Each Score

Your Score History

You have not taken this quiz